Macroeconomics

Gespeichert in:
Bibliographische Detailangaben
1. Verfasser: Barro, Robert J.
Format: Buch
Sprache:Englisch
Veröffentlicht: Cambridge Massachusetts Institute of Technology 1997
Ausgabe:5. ed.
Schlagworte:
Tags: Tag hinzufügen
Keine Tags, Fügen Sie das erste Tag hinzu!

MARC

LEADER 00000nam$a2200000$$$4500
001 0030535
005 20221129110001.3
020 |a 0-262-02436-5 
041 0 |a eng 
044 |a US 
245 1 0 |a Macroeconomics  |c Robert J. Barro 
250 |a 5. ed. 
264 1 |a Cambridge  |b Massachusetts Institute of Technology  |c 1997 
300 |a 867 s. 
610 2 0 |a makroekonomika 
610 2 0 |a mikroekonomika 
610 2 0 |a domácnosti 
610 2 0 |a peniaze 
610 2 0 |a dopyt 
610 2 0 |a trh 
610 2 0 |a modely 
610 2 0 |a trh práce 
610 2 0 |a inflácia 
610 2 0 |a nezamestnanosť 
610 2 0 |a rast hospodársky 
610 2 0 |a investície 
610 2 0 |a cykly obchodné 
610 2 0 |a spotreba 
610 2 0 |a služby verejné 
610 2 0 |a dane 
610 2 0 |a politika hospodárska medzinárodná 
610 2 0 |a kurz devízový 
610 2 0 |a teórie ekonomické 
610 2 0 |a keynesizmus 
100 1 |a Barro, Robert J.